|
|
|
|
| LEADER |
00000nam a2200000 a 4500 |
| 001 |
UCK2048 |
| 003 |
CL-VaPUC |
| 008 |
041217e20020000GW |||||||||||||||||spa|d |
| 020 |
|
|
|a 382282058X
|
| 082 |
0 |
4 |
|a 769.952
|b FAH
|2 21
|
| 100 |
0 |
|
|a Fahr-Becker, Gabriele
|e author
|9 489857
|
| 245 |
1 |
0 |
|a Grabados Japoneses
|
| 250 |
|
|
|a 1a. ed
|
| 300 |
|
|
|a 200 p
|
| 942 |
|
|
|c BK
|
| 945 |
|
|
|d 20041217 00:00:00
|a vberengu
|
| 260 |
|
|
|a Colonia
|b Taschen
|c 2002
|
| 650 |
|
0 |
|a Artes gráficas
|9 265865
|
| 650 |
|
0 |
|a Grabados
|9 310822
|
| 583 |
|
|
|a last modification
|c 20041217 00:00:00
|k Rodrigo Vera
|
| 999 |
|
|
|c 311708
|d 311706
|
| 952 |
|
|
|0 0
|1 0
|4 0
|6 769_952000000000000_FAH_2002
|7 0
|8 A
|9 381301
|a BIBARQ
|b BIBARQ
|d 2019-11-21
|i 4086325
|l 7
|m 1
|o 769.952 FAH 2002
|p 4086325
|r 2025-01-20
|s 2023-10-16
|w 2019-11-21
|y BK
|k ARQ
|